| 000 | 00465nam a2200133Ia 4500 | ||
|---|---|---|---|
| 008 | 250506s9999 xx 000 0 und d | ||
| 024 | _a15B-077-SE, 15B-072-SE, 15B-112-SE & 15B-120-SE | ||
| 082 | _a004.3219 MUH | ||
| 100 | _aMuhammad Ali, Naymat Sarwar, Muhammad Farrukh Khan and Muhammad Ayub Khan | ||
| 245 | 0 | _aSpeaking Gestures (CODE BOOK) | |
| 260 |
_aKarachi: _bUIT, _c2005 |
||
| 600 | _aSoftware Engineering | ||
| 650 | _aBachelor of Computer Science (BS) | ||
| 999 |
_c28217 _d28217 |
||